Statistiques concernant Culture Générale - Série 1834

Cliquez ici pour prendre le quiz!

Statistiques générales

  • Ce quiz a été pris 103 fois
  • Le résultat moyen est 4 sur 10

Statistiques - réponses

QuestionRéponse% Correct
Quel animal est le lump ou lompe ?poisson
81%
Dans la mythologie grecque, quel fils de Dédale s'échappa du labyrinthe construit par son père, en fabriquant des ailes qui lui permirent de fuir par les airs ?Icare
80%
Dans quelle région d'Italie se trouve le lac iseo ?Lombardie
61%
Quelle ville bourgeoise de France est réputée pour sa dentelle ?Calais
54%
Quelle est la capitale du sultanat d'Oman ?Mascate
54%
Quelle était l'unité monétaire principale du Portugal,avant l'euro ?escudo
41%
Dans quel département français se trouve la ville thermale de Plombières les Bains ?Vosges
37%
Dans quel département français se trouve la ville de Tarare, qui organise tous les 5 ans la fête des mousselines ?Rhône
30%
Dans quel département français se trouve la ville thermale de Bourbonne les Bains ?Haute-Marne
9%
Quelle ville des Hauts de Seine fut longtemps considérée comme la capitale du muguet ?Chaville
4%

Distribution des résultats

Percentile par nombre de réponses

% des personnes avec chaque résultat

Votre développement - résultats

Vous n’avez pas pris ce quiz